000 00373nam a2200133Ia 4500
008 151001s9999||||xx |||||||||||||| ||und||
100 _aहरीशन्द्र गणपत पागडे
245 _aकवीराज
250 _a1
260 _bललित नाट्य प्रकाशन
260 _c1995
300 _a67
365 _b18
999 _c981996
_d981993